- Marrero, Javier
Entry Nombre Personal
001 - NUMERO DE CONTROL
- campo de control: 46809
003 - IDENTIFICADOR DE NUMERO DE CONTROL
- campo de control: DLC
005 - FECHA Y HORA DE LA ÜLTIMA TRANSACCIÓN
- campo de control: 20221010131428.0
008 - DATOS DE LONGITUD FIJA
- campo de control de longitud fija: 101022n| acannaabn |a aaa c
010 ## - NÚMERO DE CONTROL DE LA BIBLIOTECA DEL CONGRESO
- Número de control LC: no2005028590
035 ## - NUMERO DE CONTROL
- Número de control: (OCoLC)oca06595129
040 ## - FUENTE DE CATALOGACIÓN
- Agencia original de catalogación: AgViUSA
- Lenguaje de catalogación: spa
- Agencia de transcripción: AgViUSA
- Agencia que lo modifica: DLC
- Agencia que lo modifica: MX-MxUPN
100 1# - ENCABEZAMIENTO - NOMBRE PERSONAL
- Nombre personal: Marrero, Javier
- Fuller form of name: (Marrero Acosta)
373 ## - GRUPO ASOCIADO
- Associated group: Universidad de La Laguna
374 ## - OCUPACIÓN
- Occupation: Profesor universitario
375 ## - GÉNERO
- Gender: masculino
377 ## - LENGUA ASOCIADA
- Language code: spa
400 1# - VEÁSE - NOMBRE DE PERSONA
- Personal name: Marrero Acosta, Javier
400 1# - VEÁSE - NOMBRE DE PERSONA
- Personal name: Acosta, Javier Marrero
670 ## - FUENTE EN LA QUE SE LOCALIZARON DATOS
- Cita de la fuente: Las teorías implícitas, 1993:
- Información localizada: portada (Javier Marrero) página 339 (Javier Marrero Acosta; profesor at Universidad de La Laguna)
670 ## - FUENTE EN LA QUE SE LOCALIZARON DATOS
- Cita de la fuente: En la obra: Reconocimiento y bien común en educación, 2018:
- Información localizada: cubierta (J. Marrero Acosta) portada (Javier Marrero Acosta)
902 ## - CATALOGADOR
- Catalogador: NDAF/101022
